书目信息 |
| 题名: |
涉外民商事及海商法精要与依据指引
|
|
| 作者: | 唐青阳 主编 ;陈咏梅 撰稿 | |
| 分册: | ||
| 出版信息: | 北京 人民出版社 2005 |
|
| 页数: | 682页 | |
| 开本: | 26cm | |
| 丛书名: | 法律专业人员高级助手书系 | |
| 单 册: | ||
| 中图分类: | D996.05 | |
| 科图分类: | ||
| 主题词: | 海商法--基本知识 , 国际法:经济法 , 涉外案件--国际商事仲裁--基本知识 | |
| 电子资源: | ||
| ISBN: | 7-01-004649-2 | |
| 000 | 00916nam0 2200289 45 | |
| 001 | 060000016893 | |
| 005 | 20060105162828.29 | |
| 010 | @a7-01-004649-2@dCNY80.00 | |
| 092 | @aCN | |
| 100 | @a20041223d2005 ekmy0chiy0120 ea | |
| 101 | 0 | @achi |
| 102 | @aCN@b110000 | |
| 105 | @ay nz 000yy | |
| 200 | 1 | @a涉外民商事及海商法精要与依据指引@9she wai min shang shi ji hai shang fa jing yao yu yi ju zhi yin@f唐青阳主编@Ftang qing yang zhu bian@g陈咏梅等撰稿 |
| 210 | @a北京@c人民出版社@d2005 | |
| 215 | @a682页@d26cm | |
| 225 | 2 | @a法律专业人员高级助手书系 |
| 461 | 0 | @12001 @a法律专业人员高级助手书系 |
| 606 | 0 | @a海商法@x基本知识 |
| 606 | 0 | @a国际法:经济法 |
| 606 | 0 | @a涉外案件@x国际商事仲裁@x基本知识 |
| 690 | @aD996.05@v4 | |
| 701 | 0 | @a唐青阳@Atang qing yang@4主编 |
| 702 | 0 | @a陈咏梅@Achen yong mei@4撰稿 |
| 801 | 0 | @aCN@bCXYBOOK@c20060105 |
| 905 | @a10447@dD996.05@e57 | |
| 999 | @aAFJ@eDF | |
| 涉外民商事及海商法精要与依据指引/唐青阳主编/陈咏梅等撰稿.-北京:人民出版社,2005 |
| 682页;26cm.-(法律专业人员高级助手书系) |
| ISBN 7-01-004649-2:CNY80.00 |
| ● |
| 相关链接 |
|
|
|
|
正题名:涉外民商事及海商法精要与依据指引
索取号:D996.05/57
 
预约/预借
| 序号 | 登录号 | 条形码 | 馆藏地/架位号 | 状态 | 备注 |
| 1 | 0374004 | 203740041 | 第一样本阅览室/ [索取号:D996.05/57] | 在馆 | |
| 2 | 0374005 | 203740050 | 第一借阅区/ [索取号:D996.05/57] | 在馆 | |
| 3 | 0374006 | 203740069 | 第一借阅区/ [索取号:D996.05/57] | 在馆 | |
| 4 | 0374007 | 203740078 | 第一借阅区/ [索取号:D996.05/57] | 在馆 |